|
|
|
|
| LEADER |
00000nab a2200000ua 4500 |
| 001 |
vtls010777908 |
| 003 |
SK-MaSNL |
| 005 |
20260303102726.0 |
| 008 |
230121s1964 xo |||||||||||||||||slo| |
| 035 |
|
|
|a (urnnbn)urn:nbn:sk:snk:ar-a00g0m
|
| 035 |
|
|
|a (uuid)bbe566fa-6b4c-401b-9297-ba7aed220fee
|
| 035 |
|
|
|a urn:nbn:sk:snk-ab483z
|
| 040 |
|
|
|a SNKBUCL
|b slo
|c SNKBUCL
|e AACR2
|
| 041 |
0 |
|
|a slo
|
| 044 |
|
|
|a xo
|c SK
|
| 100 |
1 |
|
|a Brožová, J.
|4 aut
|9 1116050
|
| 245 |
1 |
0 |
|a Osobná spoveď a vyznanie viery režiséra Elia Kazana
|b autobiografický filmový epos Amerika, Amerika
|c Jar. Brož, Leila Sorellová
|
| 600 |
1 |
7 |
|a Kazan, Elia,
|d 1909-2003
|2 SNKMA
|9 7932
|
| 630 |
0 |
7 |
|a Amerika, Amerika (film)
|2 SNK
|9 1116051
|
| 700 |
1 |
|
|a Sorellová, Leila
|4 aut
|9 946270
|
| 773 |
0 |
|
|t Film a divadlo
|g Roč. 8, č. 14 (1964), s. 18
|
| 954 |
|
|
|a odborná, vedecká literatúra pôvodná (slovenská)
|2 lita
|
| 958 |
|
|
|a OND
|
| 958 |
|
|
|a EUIPO
|
| 958 |
|
|
|a article3
|
| 999 |
|
|
|c 1844513
|d 1846443
|